| 000 | 01098nam a2200277 4500 | ||
|---|---|---|---|
| 001 | 35433 | ||
| 010 | _a9789720140708 | ||
| 021 |
_aPT _b293364/09 |
||
| 090 | _a35433 | ||
| 100 | _a20091020d2009 mbcy0pory5003 ba | ||
| 101 | 0 | _apor | |
| 102 | _aPT | ||
| 200 | 1 |
_aEmoções e sentimentos ilustrados _epara trabalhar com criaças entre os 4 e os 10 anos _fPaulo Moreira _gil. Zapruder |
|
| 205 | _a1ª. ed. | ||
| 210 |
_aPorto _cPorto Editora _d2009 |
||
| 215 |
_a304 p _cmuito il _d25 cm |
||
| 225 | 2 | _aCrescer a brincar | |
| 330 | _aPara ajudar pais e professores a promoverem nas crian—cas a compreensão das experiências emocionais. Inclui: - defini—cões de emo—cões e sentimentos; - mapas de emo—cões e de sentimentos, para diferencia—cão emocional; - exemplos de situa—cões para cada emo—cão; - tabelas Como me sinto hoje?, para treino diário. | ||
| 606 |
_9105 _aEducação |
||
| 606 |
_93051 _aEmoções _xSentimentos |
||
| 675 |
_a159.9 _zpor |
||
| 700 |
_aMoreira _bPaulo _95990 _4070 |
||
| 702 | 1 |
_aZapruder _4440 |
|
| 801 | 0 |
_aPT _bGCEAMD _gRPC |
|
| 990 | _cLIVROS | ||
| 994 | _aCOMP | ||